Štruktúrne súvislosti tvorby a použitia produkcie v ekonomike Slovenska.

Tendencie v štruktúrnych vzťahoch hlavných národohospodárskych odvetví v oblasti tvorby a použitia produkcie slovenskej ekonomiky v 80. rokoch v kontexte vývoja česko-slovenskej ekonomiky. Hodnotenie vývoja tvorby produkcie a dôchodkovej stránky reprodukčného procesu. Použitie produkcie a vývoj vonk...

Descrizione completa

Salvato in:
Dettagli Bibliografici
Autore principale: Mokrášová, Viera
Natura: Capitolo di libro
Lingua:slovacco
Soggetti:
Tags: Aggiungi Tag
Nessun Tag, puoi essere il primo ad aggiungerne!!

MARC

LEADER 00000naa a2200000 4500
001 r008272
005 20220831090104.1
041 0 |a slo 
044 |a [CS] 
245 1 0 |a Štruktúrne súvislosti tvorby a použitia produkcie v ekonomike Slovenska.  |c Viera Mokrášová 
520 |a Tendencie v štruktúrnych vzťahoch hlavných národohospodárskych odvetví v oblasti tvorby a použitia produkcie slovenskej ekonomiky v 80. rokoch v kontexte vývoja česko-slovenskej ekonomiky. Hodnotenie vývoja tvorby produkcie a dôchodkovej stránky reprodukčného procesu. Použitie produkcie a vývoj vonkajších ekonomických vzťahov. 
610 2 0 |a bilancia medziodvetvová 
610 2 0 |a vzťahy medziodvetvové 
610 2 0 |a Slovensko 
610 2 0 |a ČSFR 
610 2 0 |a produkcia 
610 2 0 |a priemysel 
610 2 0 |a 1977-1990 
610 2 0 |a vzťahy hospodárske vonkajšie 
610 2 0 |a produkt spoločenský 
610 2 0 |a bilancia ekonomická 
610 2 0 |a tvorba dôchodku národného 
610 2 0 |a tabuľky štatistické 
610 2 0 |a zmeny štruktúrne 
100 1 |a Mokrášová, Viera